000 00582nam a22001217a 4500
008 110627t xxu||||| |||| 00| 0 eng d
010 _aCACA F-56
245 _aCourt of Appeal Civil Appeal No.61 of 1999. Sudhir Ruparella vs Godfry Magezi & ors
260 _c1999
500 _aCoram: G.M. Okello, JA. , A.E. Mpagi-Bahigeine, JA. , Twinomujuni, JA
500 _aAppeal from the judgment and order of the High Court, Musoke-Kibuuka, J.dated 19th July in original HCCS No. 1076 of 1996
999 _c4107
_d4107